Capitals Among Pokémon Quiz Stats

 Plays Quiz Updated Sep 2, 2017

Challenge
Share
Tweet
Embed
Score 0/24 Timer 02:00
0 Plays Today
Question Answer Wrong Answers
Which is the capital? Islamabad
91.6%
Inkay
1.6%
Igglybuff
1%
Illumise
1.1%
Which is the capital? Accra
89.9%
Abra
3%
Aggron
3.7%
Ariados
3.2%
Which is the capital? Bishkek
89.2%
Basculin
3.3%
Beldum
3.6%
Braixen
3%
Which is the capital? Ouagadougou
87.3%
Oshawott
2.8%
Omastar
1.5%
Octillery
1.1%
Which is the capital? Dodoma
87.3%
Doduo
2.3%
Dodrio
2.1%
Donphan
5.4%
Which is the capital? Quito
85.8%
Quilava
1.4%
Quilladin
3.2%
Quagsire
1.4%
Which is the capital? Ulaanbaatar
85.3%
Ursaring
1.2%
Unfezant
1.3%
Uxie
1.3%
Which is the capital? Gaborone
83.9%
Gallade
6%
Grotle
3.1%
Gyarados
2.8%
Which is the capital? Lilongwe
83.8%
Latios
3.5%
Linoone
3%
Lugia
3.9%
Which is the capital? Juba
83.6%
Joltik
2%
Jirachi
8.5%
Jolteon
0.9%
Which is the capital? Podgorica
83.1%
Pancham
4.4%
Paras
2.8%
Pineco
1.9%
Which is the capital? Honiara
82.1%
Heatmor
2.4%
Honedge
4.9%
Houndour
5.8%
Which is the capital? Suva
82%
Seadra
1.3%
Shellos
1.5%
Skorupi
5.9%
Which is the capital? Valletta
81.5%
Vibrava
2.3%
Vullaby
1.8%
Vigoroth
2.5%
Which is the capital? Conakry
80.4%
Chespin
5.4%
Comfey
5%
Cresselia
7.1%
Which is the capital? Zagreb
80.3%
Zubat
1.4%
Zoroark
1.3%
Zygarde
1.9%
Which is the capital? Windhoek
80%
Walrein
2.3%
Whimsicott
2.6%
Wynaut
2.3%
Which is the capital? Funafuti
79.7%
Florges
9.6%
Fraxure
2.7%
Finneon
4.2%
Which is the capital? Roseau
79.6%
Raikou
3.1%
Roselia
3.2%
Riolu
5.2%
Which is the capital? Ngerulmud
77.2%
Nidorino
2.8%
Natu
9.3%
Numel
3.7%
Which is the capital? Tarawa
76%
Tangela
2.1%
Tirtouga
7.7%
Torterra
3.9%
Which is the capital? Yaounde
74.3%
Yanma
2.8%
Yungoos
3.4%
Yamask
5.3%
Which is the capital? Kigali
73.2%
Kabuto
5.7%
Komala
13.4%
Keldeo
2.2%
Which is the capital? Malabo
72.1%
Malamar
12.5%
Maractus
4.2%
Musharna
4.7%

You're not logged in!

Compare scores with friends on all Sporcle quizzes.
Join for Free
OR
Log In

You Might Also Like...

Show Comments

Extras

Top Quizzes Today


Score Distribution

Your Account Isn't Verified!

In order to create a playlist on Sporcle, you need to verify the email address you used during registration. Go to your Sporcle Settings to finish the process.

Report this User

Report this user for behavior that violates our Community Guidelines.

Details: